El profesional reflexivo: cómo piensan los profesionales cuando actúan

Na minha lista:
Detalhes bibliográficos
Autor principal: Schön, Donald A (Author)
Formato: Livro
Idioma:espanhol
Publicado em: Barcelona Paidós 1998
Edição:1a. ed
Colecção:Temas de Educación, 47
Assuntos:
Tags: Adicionar Tag
Sem tags, seja o primeiro a adicionar uma tag!

MARC

LEADER 00000cam a2200000 a 4500
001 UCD7341
003 CL-VaPUC
008 170317e19980000sp |||||||||||||||||spa|d
020 |a 844930556X 
082 0 4 |a 378.001  |b SCH  |2 21 
100 0 |a Schön, Donald A  |e author  |9 591337 
245 1 3 |a El profesional reflexivo: cómo piensan los profesionales cuando actúan 
250 |a 1a. ed 
300 |a 319 p 
942 |c BK 
945 |d 20170317 22:16:00  |a arojas 
260 |a Barcelona  |b Paidós  |c 1998 
650 7 |a PROFESIONALES  |2 CL-VaPUC  |9 375238 
650 0 |a Naturaleza humana   |9 308593 
650 7 |a REFLEXIONES  |2 CL-VaPUC  |9 399754 
583 |a last modification  |c 20170530 05:47:50  |k Rodrigo Vera 
490 0 |a Temas de Educación, 47 
999 |c 367402  |d 367400 
952 |0 0  |1 0  |3 erb  |4 0  |6 378_001000000000000_SCH_1998  |7 0  |8 A  |9 482254  |a BIBTEO  |b BIBTEO  |i 5381770  |l 3  |m 2  |o 378.001 SCH 1998  |p 5381770  |r 2025-01-17  |s 2023-09-27  |w 2019-11-24  |y BK  |z Catalogado en:20170317  |k ICR